MARC

LEADER 00000nam0a2200000 4500
001 309503
005 20231102002209.0
035 |a (RuTPU)RU\TPU\book\334825 
090 |a 309503 
100 |a 20151113d1954 k y0rusy50 ca 
101 0 |a rus 
102 |a RU 
105 |a a z 001zy 
200 1 |a Регулярный тепловой режим  |f Г. М. Кондратьев 
210 |a Москва  |c Изд-во технико-теоретической литературы  |d 1954 
215 |a 408 с.  |c ил. 
320 |a Библиогр.: с. 406-408. 
606 1 |a Теплотехника общая  |2 stltpush  |3 (RuTPU)RU\TPU\subj\59808  |9 77306 
610 1 |a однородные тела 
610 1 |a изотропные тела 
610 1 |a режим 
610 1 |a теплообмен 
610 1 |a внешняя среда 
610 1 |a тепловые расчеты 
610 1 |a охлаждение 
610 1 |a термометры 
610 1 |a пирометры 
610 1 |a термическая инерция 
610 1 |a материалы 
610 1 |a тепловые свойства 
610 1 |a микрокалориметры 
610 1 |a бикалориметры 
610 1 |a тепловые сопротивления 
610 1 |a удельная теплоемкость 
610 1 |a металлы 
610 1 |a температуропроводность 
675 |a 621.1  |v 3 
700 1 |a Кондратьев  |b Г. М. 
801 1 |a RU  |b 63413507  |c 20151113 
801 2 |a RU  |b 63413507  |c 20200302  |g RCR 
942 |c BK